000 00515nam a2200181Ia 4500
005 20250508151626.0
008 008 250505s9999 xx 000 0 eng d
037 _aTextual
040 _aFEDL
_beng
_cFEDL
041 _aeng
_2eng
084 _a822.1, AES
_qFEDL
100 _aCampbell Lewis
_9508377
245 0 _aAeschylus: The seven plays in English verse
260 _aLondon, UK
_bOxford University Press
_c1949
300 _a278p
942 _cTEXL
_h822.1, AES
999 _c1330995
_d1330995